00405nam a2200157Ia 4500008004100000020001400041084001500055100002200070245003700092250002000129260001900149260000900168260002200177300001300199500003500212180424s9999 xx 000 0 und d a131533894 a510.78 T17 a"Terplan, Kornel" 0aCommunication Network Management a\\198700ENGGPSX aPrentice Hall  b1987 cEnglewood Cliffs  axii+594p aincludes index and biblioraphy